00301nam a22000977a 4500008004100000082001200041100002400053245009600077260002100173300000900194230609b xxu||||| |||| 00| 0 eng d a353.463 cGovernment of Kenya aThirteenth Report of the Public Investments Committee on the Accounts of State Corporations aKenyabGOKc2006 a750p